Statistiques concernant Les Emmanuel célèbres

Cliquez ici pour prendre le quiz!

Statistiques générales

  • Ce quiz a été pris 139 fois
  • Le résultat moyen est 5 sur 12

Statistiques - réponses

Réponse% Correct
Emmanuel Macron
100%
Emmanuel Petit
83%
Emmanuel Payet
70%
Emmanuel Moire
67%
Emmanuel Kant
37%
Emmanuel Chain
29%
Emmanuel Levy
28%
Emmanuel Adebayor
27%
Emmanuel Carrère
11%
Emmanuel Curtil
6%
Emmanuel Todd
5%
Emmanuel Chabrier
1%

Distribution des résultats

Percentile par nombre de réponses

% des personnes avec chaque résultat

Votre développement - résultats

Vous n’avez pas pris ce quiz